| 000 | 00650nam a2200205 a 4500 | ||
|---|---|---|---|
| 001 | 000048599 | ||
| 005 | 20260521144507.0 | ||
| 008 | 110118s2013 dr a 000 0 spa d | ||
| 040 |
_aDO-SdBNP _bspa _cBNPHU |
||
| 082 |
_a101 _bH557f |
||
| 100 | 1 |
_aHernández, Pablo María _943451 |
|
| 245 | 1 | 3 |
_aLa filosofía hoy / _cPablo María Hernández. |
| 260 |
_aSanto Domingo :, _c2013. |
||
| 300 |
_a488 p. ; _c23 cm. |
||
| 500 | _aIncluye datos biográficos del autor en la contracubierta | ||
| 504 | _aBibliografía : p. 481-488 | ||
| 590 | _aInventariado, 2019/VM | ||
| 650 | 0 |
_aFilosofía moderna _98156 |
|
| 650 | 2 | 0 |
_aFilosofía de la ciencia _919468 |
| 999 |
_c48087 _d48087 |
||